00569nam a2200181Ia 4500008004100000050001000041050001500051100002600066245005700092245005100149260002300200260000900223300002200232300001900254300001100273650006200284650004100346160319s9999 xx 000 0 und d a923.1 bD331s 1949 aDel Castillo, Teofila 4aThe saga of Jose P. Laurel (his brother's keeper) /  cby Teofilo del Castillo and Jose del Castillo. bNational Bookstore c2003 a vii, 358 pages : billustrations  c21 cm. aLaurel, José Paciano -- Pres. Philippine Islands, 1891- aWorld War, 1939-1945 -- Philippines.